LIBRARY ONLINE CATALOGUE

A Student's introduction to English grammar / (Record no. 3945)

MARC details
000 -LEADER
fixed length control field 00751nam a22002292 4500
001 - CONTROL NUMBER
control field 0000019473
005 - DATE AND TIME OF LATEST TRANSACTION
control field 20151217145916.0
008 - FIXED-LENGTH DATA ELEMENTS--GENERAL INFORMATION
fixed length control field 101207s xx 000 0 eng d
020 ## - INTERNATIONAL STANDARD BOOK NUMBER
International Standard Book Number 0521612883 :
040 ## - CATALOGING SOURCE
Original cataloging agency KABU
Transcribing agency KABU
100 1# - MAIN ENTRY--PERSONAL NAME
Personal name Huddleston, Rodney.
-- 0000152027
245 12 - TITLE STATEMENT
Title A Student's introduction to English grammar /
Statement of responsibility, etc. Rodney Huddleston, Geoffrey K. Pullum.
250 ## - EDITION STATEMENT
Edition statement 1st ed.
260 ## - PUBLICATION, DISTRIBUTION, ETC. (IMPRINT)
Place of publication, distribution, etc. Cambridge :
Name of publisher, distributor, etc. C. U. P.,
Date of publication, distribution, etc. 2005.
300 ## - PHYSICAL DESCRIPTION
Extent viii, 312 p.
650 #0 - SUBJECT ADDED ENTRY--TOPICAL TERM
Topical term or geographic name as entry element English language
General subdivision Grammar.
-- 0000151342
700 1# - ADDED ENTRY--PERSONAL NAME
Personal name Pullum, Geoffrey K.
-- 0000179191
852 1# - LOCATION
-- p2210 KES
852 1# - LOCATION
-- p2210 KES
908 ## - PUT COMMAND PARAMETER (RLIN)
Put command parameter 101207
950 ## - LOCAL HOLDINGS (RLIN)
-- 1
Holdings
Withdrawn status Lost status Source of classification or shelving scheme Not for loan Home library Current library Date acquired Total Checkouts Full call number Barcode Date last seen Date last checked out Price effective from Koha item type
    Library of Congress Classification   Kabarak, Main Campus Kabarak, Main Campus 17/12/2015 4 PE1112 .H83 2005 c. 1 23197 09/01/2019 15/09/2017 17/12/2015 General Collection
    Library of Congress Classification   Kabarak, Main Campus Kabarak, Main Campus 17/12/2015 8 PE1112 .H83 2005 c. 2 23196 14/11/2023 29/10/2023 17/12/2015 General Collection